Agricultura de contrato en la producción de caña de azúcar y melón en la zona de Monjaras. Informe del Taller

Estudio sobre la agricultura de contacto para analizar las formas de explotación capitalista en la producción de caña de azúcar y melón en Honduras, la agricultura de contrato es definida como el mecanismo por el cual compañías azucareras y empresas exportadoras generalmente extranjeras, otorgan (a...

תיאור מלא

שמור ב:
מידע ביבליוגרפי
מחבר תאגידי: Universidad Nacional Autónoma de Honduras
פורמט: Texto
יצא לאור: Tegucigalpa: Universidad Nacional Autónoma de Honduras. Escuela de Trabajo Social
נושאים:
תגים: הוספת תג
אין תגיות, היה/י הראשונ/ה לתייג את הרשומה!

MARC

LEADER 00000 a a2200000 04500
001 19781
003
040
090 |a 079700  
110 |a Universidad Nacional Autónoma de Honduras  
245 |a Agricultura de contrato en la producción de caña de azúcar y melón en la zona de Monjaras. Informe del Taller  
260 |a Tegucigalpa:   |b Universidad Nacional Autónoma de Honduras. Escuela de Trabajo Social  
300 |a 80 p.  
520 |a Estudio sobre la agricultura de contacto para analizar las formas de explotación capitalista en la producción de caña de azúcar y melón en Honduras, la agricultura de contrato es definida como el mecanismo por el cual compañías azucareras y empresas exportadoras generalmente extranjeras, otorgan (a cooperativas campesinas, empresas asociativas y asentamientos campesinos, asistencia técnica e insumos, a la vez que fijan por contrato precios de compra y calidad de lo productos, se crea así una dependencia de los pequeños y medianos campesinos de las grandes empresas capitalistas./ACM  
650 |a HONDURAS  
650 |a CAÑA DE AZUCAR  
650 |a FRUTAS  
650 |a AGRICULTURA DE LA CONTRATO  
650 |a MELONES  
999 |c 17572  |d 17572